Tilly the tidy puppy / (Record no. 2050)

MARC details
000 -LEADER
fixed length control field 00837nam a22002417a 4500
005 - DATE AND TIME OF LATEST TRANSACTION
control field 20231103114254.0
020 ## - INTERNATIONAL STANDARD BOOK NUMBER
International Standard Book Number 9781447299554
040 ## - CATALOGING SOURCE
Original cataloging agency FISKH
Language of cataloging eng
Transcribing agency FISKH
Modifying agency FISKH
Description conventions FISKH
082 ## - DEWEY DECIMAL CLASSIFICATION NUMBER
Edition number 823.914
100 ## - MAIN ENTRY--PERSONAL NAME
Personal name Dale, Jenny
245 ## - TITLE STATEMENT
Title Tilly the tidy puppy /
Statement of responsibility, etc. Jenny Dale's PUPPY TALES
260 ## - PUBLICATION, DISTRIBUTION, ETC.
Place of publication, distribution, etc. London :
Name of publisher, distributor, etc. Macmillan,
Date of publication, distribution, etc. 2015
300 ## - PHYSICAL DESCRIPTION
Extent 60 pages :
Dimensions 20 cm
505 ## - FORMATTED CONTENTS NOTE
Formatted contents note M
520 ## - SUMMARY, ETC.
Summary, etc. Each title in this series focuses on a different puppy. Tilly loves to tidy things up - after all, he mother is a sheepdog and trained to tidy up strays Not everyone appreciates Tilly's talents - until her skills suddenly prove unexpectedly useful...
521 ## - TARGET AUDIENCE NOTE
Target audience note 600
Source Lexile estimate
521 ## - TARGET AUDIENCE NOTE
Target audience note M
Source Raz-Plus
650 ## - SUBJECT ADDED ENTRY--TOPICAL TERM
Source of heading or term dog
650 ## - SUBJECT ADDED ENTRY--TOPICAL TERM
Source of heading or term puppy
700 ## - ADDED ENTRY--PERSONAL NAME
Personal name Rodgers, Frank
Titles and other words associated with a name Illustrator
942 ## - ADDED ENTRY ELEMENTS (KOHA)
Source of classification or shelving scheme Dewey Decimal Classification
Koha item type Books
Suppress in OPAC No
999 ## -
-- 2050
-- 2050
Holdings
Withdrawn status Lost status Source of classification or shelving scheme Damaged status Not for loan Home library Current library Shelving location Date acquired Total Checkouts Full call number Barcode Date last seen Price effective from Koha item type
    Dewey Decimal Classification     Footprints International School Library Network Toul Kork Campus Footprints International School Library Network Toul Kork Campus TK Primary Library Room(4th Floor), Bookcase 3&4, Shelves 17-32, Yellow Books 11/02/2023   DAL 823.914 FISTKG2A075 11/02/2023 11/02/2023 Books